Insertions musculaire de la Scapula, face postérieure - Statistiques

Statistiques générales
  • Ce quiz a été pris 85 fois
  • Le résultat moyen est 7 sur 10
Statistiques - réponses
Par images Réponse % Correct
Infra-épineux
91%
Supra-épineux
91%
Trapèze
84%
Grand rond
74%
Petit rond
74%
Élévateur de la scapula
70%
Grand rhomboïde
65%
Deltoïde
63%
Grand dorsal
60%
Petit rhomboïde
60%
Aucun quiz correspondant
Distribution des résultats
% des personnes avec chaque résultat
Percentile par nombre de réponses
Votre historique - résultats
Vous n’avez pas pris ce quiz